000 01993nam a22001935i 4500
999 _c8246
_d8246
020 _a9780323554206; 0323554202
050 _aRT41
_b.C41
100 1 _aCherry, Barbara.
245 1 0 _aContemporary nursing issues, trends, & management /
_cBarbara Cherry, Susan R. Jacob.
250 _a8th edition.
260 _aSt. Louis :
_bMosby,
_c2019.
300 _a513 pages ;
_c24 cm
500 _aIncludes index
505 _aUnit 1: The Development of Nursing 1. The Evolution of Professional Nursing 2. The Contemporary Image of Professional Nursing 3. The Influence of Contemporary Trends and Issues on Nursing Education 4. Nursing Licensure and Certification 5. Theories of Nursing Practice 6. Nursing Research and Evidence-Based Practice Unit 2: Current Issues in Health Care 7. Paying for Health Care in America: Rising Costs and Challenges 8. Legal Issues in Nursing and Health Care 9. Ethical and Bioethical Issues in Nursing and Health Care 10. Cultural Competency and Social Issues in Nursing and Health Care 11. Complementary and Alternative Healing 12. Palliative Care 13. Workforce Advocacy and the Nursing Shortage 14. Collective Bargaining and Unions in Today's Workplace 15. Information Technology in the Clinical Setting 16. Emergency Preparedness and Response for Today's World Unit 3: Leadership and Management in Nursing 17. Nursing Leadership and Management 18. Budgeting Basics for Nurses 19. Effective Communication and Conflict Resolution 20. Effective Delegation and Supervision 21. Staffing and Nursing Care Delivery Models 22. Quality Improvement and Patient Safety 23. Health Policy and Politics: Get Involved! Unit 4: Career Management 24. Making the Transition from Student to Professional Nurse 25. Managing Time: The Path to High Self-Performance 26. Contemporary Nursing Roles and Career Opportunities 27. Job Search: Finding Your Match 28. NCLEX-RN (R) Examination
650 _aNursing.
650 _aNursing Care.
700 _aJacob, Susan R.
942 _cBK